00277nam a2200109Ia 4500008004000000082001500040100002500055245003000080250000500110260004000115300001200155210210b1986 xxu||||| |||| 00| 0 eng d a320.5 GUPG aGUPTA (Ram Chandra). aGreat political thinkers. a aAgrabLakshmi Narain Agarwal.c1986 axiv,537